000 01872nam0a2200385 i 4500
001 RU\NLR\bibl\2073014
005 20241103080727.0
010 _a9785990479524
_9400
021 _aRU
_b2013-64278
_94399
035 _a(nilc)RuMoRGB-006630888
035 _a(NLR Aleph) 002059165
090 _a4678484
_c4678484
100 _a20130819d2013 u y0rusy50 ca
101 0 _arus
102 _aRU
105 _aa |||||||||
200 1 _aСборник учебных и методических материалов по реализации метода принуждения в воспитании военнослужащих
_eучебное пособие
_fФедак Е.И., Бойко С.В.
_gНауч.-обществ. орг. "Рысь"
210 _aМосква
_cЛаборатория "ОП"
_d2013
215 _a168 с.
_cил., цв. ил., портр.
_d21
225 1 _aСерия - "Воспитание"
300 _aНа обороте тит.л. 1-й авт.: Федак Е.И. - к.п.н., доц.
320 _aБиблиогр.: с. 161-167 (180 назв.) и в подстроч. примеч.
606 _aПринуждение в воинском воспитании
_jУчебные издания
_92212516
_3RU\NLR\AUTH\6601562798
610 0 _aвоспитание психических качеств военнослужащих
686 1 _aЦ4,6(2)420.3я7-1
700 1 _aФедак
_bЕ. И.
_gЕвгений Иосифович
_4070
701 1 _4070
_aБойко
_bС. В.
_cканд. пед. наук
_gСергей Вячеславович
_9140183
_3RU\NLR\AUTH\770140219
801 0 _aRU
_bRuMoRKP
_c20130819
_gRCR
801 2 _aRU
_bРГБ
_c20130830
_grcr
801 1 _aRU
_bRuMoRKP
_c20130819
_2rusmarc
801 2 _aRU
_bNLR
_c20130918
_grcr
942 _cBOOK
980 _aNBR